Country Neighbour Connect: Closest Capital, start with Remotest Capital City - Statistics

General Stats
  • This quiz has been taken 91 times
  • The average score is 102 of 154
Answer Stats
COUNTRY % Correct
East Timor
100%
Indonesia
93%
Papua New Guinea
88%
Brunei
86%
Burma
86%
China
86%
Malaysia
86%
Russia
86%
Thailand
86%
Afghanistan
84%
Iran
84%
Kazakhstan
84%
Mongolia
84%
North Korea
84%
South Korea
84%
Turkmenistan
84%
Bangladesh
81%
Bhutan
81%
India
81%
Nepal
81%
Pakistan
81%
Turkey
81%
Armenia
79%
Azerbaijan
79%
Central African Republic
79%
Democratic Republic of the Congo
79%
Egypt
79%
Georgia
79%
Iraq
79%
Israel
79%
Jordan
79%
Libya
79%
Mozambique
79%
Saudi Arabia
79%
South Sudan
79%
Sudan
79%
Syria
79%
Tanzania
79%
Angola
77%
Malawi
77%
Namibia
77%
South Africa
77%
Zambia
77%
Zimbabwe
77%
Botswana
74%
Lesotho
74%
Swaziland
74%
Algeria
72%
Argentina
72%
Austria
72%
Belgium
72%
Belize
72%
Bolivia
72%
Brazil
72%
Cameroon
72%
Canada
72%
Chad
72%
Chile
72%
Colombia
72%
Costa Rica
72%
Czech Republic
72%
Ecuador
72%
El Salvador
72%
France
72%
Germany
72%
Guatemala
72%
Guyana
72%
Honduras
72%
Hungary
72%
Ireland
72%
Italy
72%
Luxembourg
72%
Mali
72%
Mauritania
72%
Mexico
72%
Morocco
72%
Netherlands
72%
Nicaragua
72%
Niger
72%
Panama
72%
Paraguay
72%
Peru
72%
Poland
72%
Republic of the Congo
72%
Slovakia
72%
Spain
72%
Suriname
72%
Ukraine
72%
United Kingdom
72%
United States
72%
Uruguay
72%
Venezuela
72%
Romania
70%
Switzerland
70%
Bosnia and Herzegovina
67%
Croatia
67%
Kosovo
67%
Montenegro
67%
Serbia
67%
Albania
65%
Bulgaria
63%
Greece
63%
Macedonia
63%
Slovenia
63%
Belarus
60%
Estonia
60%
Latvia
60%
Lithuania
60%
Moldova
60%
Andorra
56%
Denmark
56%
Liechtenstein
56%
Monaco
56%
San Marino
56%
Vatican City
56%
Benin
53%
Burkina Faso
53%
Côte d'Ivoire
53%
Gambia
53%
Ghana
53%
Guinea
53%
Guinea-Bissau
53%
Liberia
53%
Nigeria
53%
Senegal
53%
Sierra Leone
53%
Togo
53%
Portugal
49%
Equatorial Guinea
44%
Gabon
44%
Kenya
44%
Tunisia
44%
Djibouti
42%
Eritrea
42%
Ethiopia
42%
Kuwait
42%
Oman
42%
Somalia
42%
Uganda
42%
United Arab Emirates
42%
Yemen
42%
Burundi
40%
Rwanda
40%
Kyrgyzstan
37%
Lebanon
37%
Qatar
37%
Tajikistan
37%
Uzbekistan
37%
Cambodia
35%
Finland
35%
Laos
35%
Norway
35%
Sweden
35%
Vietnam
35%
No matching quizzes found
Score Distribution
Percent of People with Each Score
Percentile by Number Answered
Your Score History
You have not taken this quiz